| 000 | 01208nam a22003137i 4500 | ||
|---|---|---|---|
| 003 | EG-ScBUE | ||
| 005 | 20221208101157.0 | ||
| 008 | 220731s1993 ua f b 000 0 ara d | ||
| 017 | _a92 / 8889 | ||
| 020 | _a9775201179 | ||
| 040 |
_aEG-ScBUE _bara _erda _cEG-ScBUE _dEG-ScBUE |
||
| 082 | 0 | 4 |
_222 _a070.5 _bخ ل ي |
| 100 | 1 |
_aخليفة، شعبان عبد العزيز، _eمؤلف. |
|
| 245 | 1 | 2 |
_aالكتاب الدولي : _bدراسة مقارنة في حركة النشر الحديث / _cدكتور شعبان خليفة. |
| 250 | _aالطبعة العربية الأولى. | ||
| 264 | 1 |
_aالقاهرة : _bالمكتبة الأكاديمية، _c1993. |
|
| 300 |
_a826 صفحة ؛ _c24 سم. |
||
| 336 |
_2rdacontent _aنص _btxt |
||
| 337 |
_2rdamedia _aبدون وسيط _bn |
||
| 338 |
_2rdacarrier _aمجلد _bnc |
||
| 490 | 0 |
_aموسوعة النشر الحديث ؛ _v1 |
|
| 504 | _aيشتمل على إرجاعات ببليوجرافية. | ||
| 650 | 7 |
_aنشر الكتب. _2BUEsh |
|
| 650 | 7 |
_aالكتب _xصناعة وتجارة. _2BUEsh |
|
| 650 | 7 |
_aالكتب _xتسويق. _2BUEsh |
|
| 653 |
_bGGEN _cDecember2022 |
||
| 655 | _vReading book | ||
| 942 | _2ddc | ||
| 999 |
_c30074 _d30045 |
||